000
00277nam a2200109Ia 4500
005
20251222144755.0
008
251222s9999||||xx |||||||||||||| ||spa||
082
_a
338.642/V63
100
_a
Vidales Gómez, Delcio
245
0
_a
Pequeña y Micro Empresa en el Perú
942
_c
LIB
999
_c
19496
_d
19496